| 000 | 00620cam a2200169 4500 | ||
|---|---|---|---|
| 001 | ABS61014 | ||
| 008 | 000000n1999 000 0 eng u | ||
| 035 | _a(Sirsi) u101568 | ||
| 100 | _aBenyon, L. | ||
| 245 | _aReel 'em in. | ||
| 260 | _c1999 | ||
| 490 |
_aProperty Week _v64(28) 16 July 1999, 26-28(3) |
||
| 520 | _aFollowing the surprise merger between WS Atkins and Lambert Smith Hampton, this article considers where the next round of mergers might come from and gives brief profiles of the likely targets. | ||
| 650 | _aMERGERS | ||
| 690 | _aMANAGEMENT-BUSINESS MANAGEMENT-PROFESSIONAL PRACTICE | ||
| 942 | _n0 | ||
| 999 |
_c60700 _d60700 |
||